logo

Bir Sreshtho Munshi Abdur Rouf Library
Jhenaidah Cadet College

অরিজিন / (Record no. 10880)

MARC details
000 -LEADER
fixed length control field 00767nam a2200229 a 4500
001 - CONTROL NUMBER
JCCL Control Number 10880
003 - CONTROL NUMBER IDENTIFIER
JCCL marc code BD-JhCC
005 - DATE AND TIME OF LATEST TRANSACTION
control field 20221124134023.0
008 - FIXED-LENGTH DATA ELEMENTS--GENERAL INFORMATION
fixed length control field 190523b20172018bg |||| ||a| 000 0 ben d
035 ## - SYSTEM CONTROL NUMBER
system control number (BD-JhCC)10880
040 ## - CATALOGING SOURCE
Original cataloging agency BD-JhCC
Modifying agency BD-JhCC
041 ## - LANGUAGE CODE
Language code of Book ben
082 ## - DEWEY DECIMAL CLASSIFICATION NUMBER
Classification number 833.914
Author mark and Year UDD 2018
100 ## - MAIN ENTRY--PERSONAL NAME
Personal name ব্রাউন, ড্যান
245 ## - TITLE STATEMENT
Title অরিজিন /
Statement of responsibility, etc ড্যান ব্রাউন, মোহাম্মদ নাজিম উদ্দিন (অনু.)
260 ## - PUBLICATION, DISTRIBUTION, ETC. (IMPRINT)
Place of publication, distribution, etc ঢাকা,
Name of publisher, distributor, etc বাতিঘর প্রকাশনী;
Date of publication, distribution, etc 2018.
300 ## - PHYSICAL DESCRIPTION
Pagination 554 p. :
Dimensions 22 cm.
650 ## - SUBJECT ADDED ENTRY--TOPICAL TERM
Topical term or geographic name as entry element German Fiction
700 ## - ADDED ENTRY--PERSONAL NAME
Personal name উদ্দিন, মোহাম্মদ নাজিম
942 ## - ADDED ENTRY ELEMENTS (KOHA)
Source of classification or shelving scheme Dewey Decimal Classification
Koha item type Books
Koha issues (borrowed), all copies 16
Holdings
Source of classification or shelving scheme Damaged status Not for loan Home library Current library Shelving location Date of accession Cost, normal purchase price Total Checkouts Full call number Barcode Date last seen Date checked out Copy number Koha item type
Dewey Decimal Classification     JCC Rouf Library JCC Rouf Library General Stacks 06/15/2019 500.00 16 833.914 UDD 2018 14777 01/22/2026 01/18/2026 C-1 Books

JCC Library | Contacts | JCC Home

Last Update on 23 September 2017
Copyright @ 2017-2020 JCC Rouf Library
Rouf Library, Jhenidah Cadet College (JCC), Bangladesh